000 00665nam a2200181Ia 4500
008 090123s9999 xx 000 0 und d
082 _b2127
100 _aदळवी जयवन्त व्दारकानाथ
245 _aकशासाठी पोटासाठी
250 _a3
260 _bकोठवाले केशव
300 _a130
600 _aदळवी जयवन्त व्दारकानाथ
630 _aकशासाठी पोटासाठी
700 _aदळवी जयवन्त व्दारकानाथ
730 _aकशासाठी पोटासाठी
942 _cBOOK
999 _c40211
_d40211